Statistics for Adopt Me!Eggs quiz

Click here to take the quiz!

General Stats

  • This quiz has been taken 187 times
  • The average score is 14 of 16

Answer Stats

AnswerHint% Correct
Diamond EggDiamond pets
96%
Golden EggGolden pets
96%
Blue Eggblue
94%
Christmas EggChristmas Event 2019
94%
Cracked Egg350$
94%
Pink Eggpink
94%
Royal Egg1400$
89%
Starter Eggfree
87%
Pet Egg600$
84%
Aussie Egg29.2.2020
83%
Farm Egg22.11 2019
83%
Jungle Egg31.8.2019
83%
Ocean Egg16.4.2021
83%
Safari Egg5.7.2019
83%
Easter EggEaster 2020
82%
Fossil Egg10.10.2020
76%

Score Distribution

Percentile by Number Answered

Percent of People with Each Score

Your Score History

You have not taken this quiz